000 00544nam a22001817a 4500
003 OSt
005 20140310182234.0
008 130911t xxu||||| |||| 00| 0 eng d
020 _a9780521544627
050 _aPE 1128
_b.C178a4 2007
082 _aIB 372.2
_bC14(4) 2005
245 _aCambridge IELTS 4 :
_bExamination papers from University of Cambridge ESOL Examinations /
260 _aNew York :
_bCambridge University Press,
_cc2005.
300 _a176 p. ;
_c25 cm.
650 _a Examinations
_9949
942 _2lcc
_cIB
999 _c10982
_d10982